| 000 | 00896nam a2200277 a 4500 | ||
|---|---|---|---|
| 005 | 20240924070128.0 | ||
| 008 | 060426s1999 mx r 000 0 spa d | ||
| 020 | _a8449306728 | ||
| 035 | _aUPN01000143926 | ||
| 040 |
_aUPN _bspa _cUPN |
||
| 049 | _aCG | ||
| 050 | 4 |
_aJA68 _bH3.5 |
|
| 100 | 1 |
_aHabermas, Jürgen, _d1929- _928383 |
|
| 245 | 1 | 3 |
_aLa inclusión del otro : _bestudios de teoría política / _cJürgen Habermas ; tr. Juan Carlos Velasco Arroyo. |
| 260 |
_aBarcelona, Esp. : _bPaidós, _cc1999. |
||
| 300 | _a258 p. | ||
| 440 | 0 |
_aPaidós básica ; _v98 |
|
| 534 |
_pTítulo original: _tDie einbeziehung des anderen |
||
| 590 | _a(También localizas un ejemplar en el "Area de Reserva") | ||
| 590 | _aBibliografía Básica (BGTQ) | ||
| 650 | 4 |
_aCiencias políticas _96023 |
|
| 650 | 4 |
_aEstado _96019 |
|
| 650 | 4 |
_aDemocracia _96020 |
|
| 905 | _aLibro | ||
| 942 |
_2lcc _cLIBRO |
||
| 999 |
_c116073 _d116073 |
||